Tätigkeitsbericht der Bundesbeauftragten für die Unterlagen des Staatssicherheitsdienstes der Ehemaligen Deutschen Demokratischen Republik
| Corporate Author: | |
|---|---|
| Format: | Print Journal |
| Language: | German |
| Published: |
Berlin
Bundestag
1993-
[Erscheinungsort nicht ermittelbar] Bundesbeauftragter anfangs |
| In: | Year: 1993 |
| Check availability: | HBZ Gateway |
| Volumes / Articles: | Show volumes/articles. |
| Keywords: |
Deutschland
> Der Bundesbeauftragte für die Unterlagen des Staatssicherheitsdienstes der Ehemaligen Deutschen Demokratischen Republik
Deutschland
> Bundesbeauftragter für die Unterlagen des Staatssicherheitsdienstes der ehemaligen Deutschen Demokratischen Republik (Deutschland)
> Regierungsbehörde (außer Ministerien)
> Handlungsspielraum von Institutionen/Organisationen
> Fachgebiet/Arbeitsgebiet
> Zuständigkeit
> Ministerium für Staatssicherheit (Deutschland, DDR)
> Verhältnis Bürger - Staat
> Vergangenheitsbewältigung
> Datenaufbereitung
|
MARC
| LEADER | 00000cas a2200000 c 4500 | ||
|---|---|---|---|
| 001 | 171196406 | ||
| 003 | DE-627 | ||
| 005 | 20250709101957.0 | ||
| 007 | tu | ||
| 008 | 941106c19939999gw z| p| 0 |0ger c | ||
| 015 | |a 11,A21 |2 dnb | ||
| 016 | 7 | |a 016921887 |2 DE-101 | |
| 016 | 7 | |a 1164095-9 |2 DE-600 | |
| 035 | |a (DE-627)171196406 | ||
| 035 | |a (DE-576)037314459 | ||
| 035 | |a (DE-599)ZDB1164095-9 | ||
| 035 | |a (OCoLC)644843897 | ||
| 035 | |a (DE-615)00249617 | ||
| 040 | |a DE-627 |b ger |c DE-627 |e rakwb | ||
| 041 | |a ger | ||
| 044 | |c XA-DE | ||
| 082 | 0 | 4 | |a 320 |q DE-101 |
| 082 | 0 | 4 | |a 320 |q DE-600 |
| 084 | |a 8,1 |a 27 |2 ssgn | ||
| 084 | |a MA 1000 |2 rvk |0 (DE-625)rvk/122259: | ||
| 084 | |a 89.51 |2 bkl | ||
| 110 | 2 | |a Deutschland |b Der Bundesbeauftragte für die Unterlagen des Staatssicherheitsdienstes der Ehemaligen Deutschen Demokratischen Republik |e VerfasserIn |0 (DE-588)5078273-3 |0 (DE-627)123686776 |0 (DE-576)194345408 |4 aut | |
| 245 | 1 | 0 | |a Tätigkeitsbericht der Bundesbeauftragten für die Unterlagen des Staatssicherheitsdienstes der Ehemaligen Deutschen Demokratischen Republik |
| 246 | 3 | 3 | |a Verhandlungen des Deutschen Bundestages / Drucksachen / Tätigkeitsbericht der Bundesbeauftragten für die Unterlagen des Staatssicherheitsdienstes der Ehemaligen Deutschen Demokratischen Republik |
| 247 | 1 | 0 | |a Tätigkeitsbericht der Bundesbeauftragten für die Unterlagen des Staatssicherheitsdienstes der Ehemaligen Deutschen Demokratischen Republik |f Hauptsacht. teils |
| 264 | 3 | 1 | |a Berlin |b Bundestag |c 1993- |
| 264 | 2 | 1 | |a [Erscheinungsort nicht ermittelbar] |b Bundesbeauftragter |c anfangs |
| 300 | |c 30 cm | ||
| 336 | |a Text |b txt |2 rdacontent | ||
| 337 | |a ohne Hilfsmittel zu benutzen |b n |2 rdamedia | ||
| 338 | |a Band |b nc |2 rdacarrier | ||
| 362 | 0 | |a 1.1993 - 10.2011; 11.2011/12(2013) - | |
| 363 | 0 | 1 | |a 1 |i 1993 |
| 490 | 0 | |a Unterrichtung durch die Bundesbeauftragte für die Unterlagen des Staatssicherheitsdienstes der ehemaligen Deutschen Demokratischen Republik | |
| 500 | |a Weitere Hefte zugleich Nummern von: Verhandlungen des Deutschen Bundestages. Drucksachen | ||
| 515 | |a Ersch. unregelmäßig | ||
| 610 | 2 | 0 | |a Deutschland / Der Bundesbeauftragte für die Unterlagen des Staatssicherheitsdienstes der Ehemaligen Deutschen Demokratischen Republik |
| 610 | 2 | 7 | |0 (DE-588)5078273-3 |0 (DE-627)123686776 |0 (DE-576)194345408 |a Deutschland |b Der Bundesbeauftragte für die Unterlagen des Staatssicherheitsdienstes der Ehemaligen Deutschen Demokratischen Republik |2 gnd |
| 610 | 2 | 7 | |0 (DE-588)2065138-7 |0 (DE-627)103545409 |0 (DE-576)192104578 |a Deutschland |g DDR |b Ministerium für Staatssicherheit |2 gnd |
| 650 | 0 | 7 | |0 (DE-588)4005298-9 |0 (DE-627)104401044 |0 (DE-576)208860150 |a Behörde |2 gnd |
| 650 | 0 | 7 | |0 (DE-588)4127505-6 |0 (DE-627)104766824 |0 (DE-576)209594209 |a Handlungsspielraum |2 gnd |
| 650 | 0 | 7 | |0 (DE-588)4113393-6 |0 (DE-627)105829781 |0 (DE-576)209476117 |a Einrichtung |2 gnd |
| 650 | 0 | 7 | |0 (DE-588)4043774-7 |0 (DE-627)106208446 |0 (DE-576)209057408 |a Organisation |2 gnd |
| 650 | 0 | 7 | |0 (DE-588)4128946-8 |0 (DE-627)105713473 |0 (DE-576)209606401 |a Arbeitsfeld |2 gnd |
| 650 | 0 | 7 | |0 (DE-588)4068155-5 |0 (DE-627)104340355 |0 (DE-576)209172908 |a Zuständigkeit |2 gnd |
| 650 | 0 | 7 | |0 (DE-588)4056618-3 |0 (DE-627)106154303 |0 (DE-576)209118288 |a Staat |2 gnd |
| 650 | 0 | 7 | |0 (DE-588)4008764-5 |0 (DE-627)104629584 |0 (DE-576)208878173 |a Bürger |2 gnd |
| 650 | 0 | 7 | |0 (DE-588)4061672-1 |0 (DE-627)104106611 |0 (DE-576)209140771 |a Vergangenheitsbewältigung |2 gnd |
| 650 | 0 | 7 | |0 (DE-588)4148865-9 |0 (DE-627)105565504 |0 (DE-576)209768010 |a Datenaufbereitung |2 gnd |
| 650 | 4 | |a Deutschland |x Bundesbeauftragter für die Unterlagen des Staatssicherheitsdienstes der ehemaligen Deutschen Demokratischen Republik (Deutschland) |x Regierungsbehörde (außer Ministerien) |x Handlungsspielraum von Institutionen/Organisationen |x Fachgebiet/Arbeitsgebiet |x Zuständigkeit |x Ministerium für Staatssicherheit (Deutschland, DDR) |x Verhältnis Bürger - Staat |x Vergangenheitsbewältigung |x Datenaufbereitung | |
| 651 | 7 | |0 (DE-588)4011882-4 |0 (DE-627)104704861 |0 (DE-576)208896155 |a Deutschland |2 gnd | |
| 655 | 7 | |a Zeitschrift |0 (DE-588)4067488-5 |0 (DE-627)10454466X |0 (DE-576)20917000X |2 gnd-content | |
| 655 | 7 | |a Bericht |0 (DE-588)4128022-2 |0 (DE-627)104616091 |0 (DE-576)209598573 |2 gnd-content | |
| 689 | 0 | 0 | |d b |0 (DE-588)5078273-3 |0 (DE-627)123686776 |0 (DE-576)194345408 |a Deutschland |b Der Bundesbeauftragte für die Unterlagen des Staatssicherheitsdienstes der Ehemaligen Deutschen Demokratischen Republik |2 gnd |
| 689 | 0 | |5 DE-101 | |
| 689 | 1 | 0 | |d b |0 (DE-588)5078273-3 |0 (DE-627)123686776 |0 (DE-576)194345408 |a Deutschland |b Der Bundesbeauftragte für die Unterlagen des Staatssicherheitsdienstes der Ehemaligen Deutschen Demokratischen Republik |2 gnd |
| 689 | 1 | |5 (DE-627) | |
| 787 | 0 | 8 | |i 1=12,5100; 2=13,1750; 3=13,8442; 4=14,1300; 5=14,7210; 6=15,1530; 7=15,5960; 8=16,5800; 9=16,13020; 10=17,4700; 11=17,12600; 12=18,4200; 13=18,11400; 14=19,8200; 15=19,27600 von |a Deutschland. Deutscher Bundestag |t Verhandlungen des Deutschen Bundestages. Drucksachen |d Berlin : Bundestag, 1990 |w (DE-627)129112100 |w (DE-600)31830-9 |w (DE-576)029136547 |x 0722-8333 |
| 889 | |w (DE-576)385398352 | ||
| 889 | |w (DE-627)1455398357 | ||
| 936 | r | v | |a MA 1000 |b Zeitschriften |k Politologie |k Zeitschriften |0 (DE-627)1271576767 |0 (DE-625)rvk/122259: |0 (DE-576)201576767 |
| 936 | b | k | |a 89.51 |j Parlament |0 (DE-627)181572079 |
| 938 | 1 | 0 | |0 (DE-627)175614625X |0 (DE-615)6603417 |a Deutschland |2 fivt |
| 938 | 1 | 0 | |0 (DE-627)123686776 |0 (DE-588)5078273-3 |a Deutschland |b Der Bundesbeauftragte für die Unterlagen des Staatssicherheitsdienstes der Ehemaligen Deutschen Demokratischen Republik |2 gnd |2 fivt |
| 938 | 1 | 0 | |0 (DE-627)175616293X |0 (DE-615)6602064 |a Regierungsbehörde (außer Ministerien) |2 fivt |
| 938 | 1 | 0 | |0 (DE-627)1756237093 |0 (DE-615)6608627 |a Handlungsspielraum von Institutionen/Organisationen |2 fivt |
| 938 | 1 | 0 | |0 (DE-627)1756137374 |0 (DE-615)6603682 |a Fachgebiet/Arbeitsgebiet |2 fivt |
| 938 | 1 | 0 | |0 (DE-627)1756239797 |0 (DE-615)6605709 |a Zuständigkeit |2 fivt |
| 938 | 1 | 0 | |0 (DE-627)103545409 |0 (DE-588)2065138-7 |a Deutschland |g DDR |b Ministerium für Staatssicherheit |2 gnd |2 fivt |
| 938 | 1 | 0 | |0 (DE-627)175616410X |0 (DE-615)6601710 |a Verhältnis Bürger - Staat |2 fivt |
| 938 | 1 | 0 | |0 (DE-627)1756222517 |0 (DE-615)6608208 |a Vergangenheitsbewältigung |2 fivt |
| 938 | 1 | 0 | |0 (DE-627)1756202575 |0 (DE-615)6603501 |a Datenaufbereitung |2 fivt |
| 951 | |a JT | ||
| ELC | |b 1 | ||
| LOK | |0 000 xxxxxcy a22 3n 4500 | ||
| LOK | |0 001 2223528503 | ||
| LOK | |0 003 DE-627 | ||
| LOK | |0 004 171196406 | ||
| LOK | |0 005 20031121000000 | ||
| LOK | |0 008 940420||||||||||||||||ger||||||| | ||
| LOK | |0 035 |a (DE-600)047013303 | ||
| LOK | |0 040 |a DE-21 |c DE-627 |d DE-21 | ||
| LOK | |0 852 |8 1 | ||
| LOK | |0 852 |a DE-21 | ||
| LOK | |0 852 1 |c ZB 4088 |9 00 | ||
| LOK | |0 85901 |8 1.1 |a 1 |i 1993 | ||
| LOK | |0 86630 |a 1.1993 - | ||
| LOK | |0 866 0 |z ZLS-WZ | ||
| LOK | |0 939 |a 20-04-94 |b z01 | ||
| LOK | |0 000 xxxxxcy a22 3n 4500 | ||
| LOK | |0 001 2223528368 | ||
| LOK | |0 003 DE-627 | ||
| LOK | |0 004 171196406 | ||
| LOK | |0 005 20240912104820 | ||
| LOK | |0 008 951028||||||||||||||||ger||||||| | ||
| LOK | |0 035 |a (DE-600)04701332X | ||
| LOK | |0 040 |a DE-Frei85 |c DE-627 |d DE-Frei85 | ||
| LOK | |0 092 |o n | ||
| LOK | |0 852 |8 1 | ||
| LOK | |0 852 |a DE-Frei85 | ||
| LOK | |0 852 1 |9 00 | ||
| LOK | |0 85900 |8 1.1 |a 1 |i 1993 | ||
| LOK | |0 85910 |8 1.2 |a 15 |i 2019/20 | ||
| LOK | |0 86630 |a 1.1993 - 15.2019/20 | ||
| LOK | |0 939 |a 25-12-99 |b z01 | ||
| ORI | |a SA-MARC-krimdokb001.raw | ||
| SPR | |a 1 |t KRI | ||
| TIM | |a 100019900101_100020210616 |b 1990 - 2021-06-16 | ||
